Statistics for Back to the Future Trilogy Quiz

Click here to take the quiz!

General Stats

  • This quiz has been taken 1,147 times
  • The average score is 14 of 24

Answer Stats

HintAnswer% Correct
What is the year that Marty travels back to?1955
94%
What device makes time travel possible?Flux capacitor
93%
What year does Marty travel to in the future?2015
84%
After being hit by lightning, in what year does the Doc end up?1885
82%
What colour is Marty's hoverboard?Pink
81%
How many gigawatts are needed for time travel?1.21
80%
What name does Marty use instead of his own?Clint Eastwood
75%
Who does Doc Brown steal plutonium from?Libyan terrorists
73%
Who does Biff marry in the alternate 1985?Lorraine McFly
71%
What is the name of the book the Marty buys in the future?Gray's Sports Almanac
62%
What trade does the Doc assume?Blacksmith
60%
Where did Marty's parents have their first kiss?Enchantment under the sea dance
60%
What is the name of Biff Tannen's grandson?Griff Tannen
60%
Who does the Doc fall in love with?Clara Clayton
57%
What damages the DeLorean's fuel tank?An Arrow
52%
What are the names of the Doc's children?Jules and Verne
50%
Which character challenges Marty to a race?Needles
48%
What is 'Mad Dog' Tannen's first name?Buford
42%
What is the name of the musician that plays a cameo role?Huey Lewis
42%
What device replaces the need for plutonium on the time machine?Mr. Fusion
42%
What is the name of the actor who plays George McFly?Crispin Glover
40%
Which band plays a cameo role?ZZ Top
34%
Which actor was originally cast as Marty McFly?Eric Stoltz
33%
In the future, which housing estate do Marty and Jennifer live on?Hilldale
28%

Score Distribution

Percentile by Number Answered

Percent of People with Each Score

Your Score History

You have not taken this quiz